000 00381nam a2200121Ia 4500
008 220616s9999||||xx |||||||||||||| ||und||
245 0 _aInfection Control
_bUpdates
546 _aEnglish[eng]
650 _aPublic health & preventive medicine
700 _aSudhakar, Christopher
856 _uhttps://mts.intechopen.com/storage/books/1820/authors_book/authors_book.pdf
942 _cEB
999 _c21080
_d21080